Διερεύνηση των επιστημονικών πρακτικών των μαθητών της έκτης δημοτικού και των φοιτητών του Π.Τ.Δ.Ε : η περίπτωση της σχεδίασης και πραγματοποίησης έρευνας και της ανάλυσης και ερμηνείας δεδομένων ; διπλωματική εργασία [πτυχιακή εργασία]

Αποθηκεύτηκε σε:
Λεπτομέρειες βιβλιογραφικής εγγραφής
Κύριος συγγραφέας: Λούτση, Χριστίνα
Συγγραφή απο Οργανισμό/Αρχή: Πανεπιστήμιο Αιγαίου. Σχολή Ανθρωπιστικών Επιστημών. Παιδαγωγικό Τμήμα Δημοτικής Εκπαίδευσης
Μορφή: Thesis Βιβλίο
Γλώσσα:Greek
Δημοσίευση: 2016.
Θέματα:
Διαθέσιμο Online:http://hdl.handle.net/11610/22905
Ετικέτες: Προσθήκη ετικέτας
Δεν υπάρχουν, Καταχωρήστε ετικέτα πρώτοι!

MARC

LEADER 00000cam a2200000 a 4500
001 1/112055
008 160922s2016####gr | ||| |||| ||gre||
040 |a GR-MyUa  |b gre  |c GR-MyUa  |e AACR2 
041 0 |a gre 
082 7 |a 370.72   |2 (23) 
100 1 |a Λούτση, Χριστίνα. 
245 1 0 |a Διερεύνηση των επιστημονικών πρακτικών των μαθητών της έκτης δημοτικού και των φοιτητών του Π.Τ.Δ.Ε :  |b η περίπτωση της σχεδίασης και πραγματοποίησης έρευνας και της ανάλυσης και ερμηνείας δεδομένων ; διπλωματική εργασία [πτυχιακή εργασία] /   |c Λούτση Χριστίνα ; επιβλέπων καθηγητής: Σκουμιός Μιχαήλ.  
260 |c 2016.  
300 |a 151 σ. :   |b πίν. ;   |c 30 εκ.  
500 |a Μέλη εξεταστικής επιτροπής: Αυγερινός Ευγένιος, Λυπουρλή Ελένη.  
502 |a Πτυχιακή εργασία – Πανεπιστήμιο Αιγαίου, Ρόδος, 2016. 
504 |a Βιβλιογραφία: σ. 139-142.  
506 1 |a Πλήρες κείμενο - Ελεύθερη δημοσίευση - Κλειδωμένη η δυνατότητα αντιγραφής.  
650 0 |a Education  |x Research  |x Methodology. 
650 0 |a Qualitative reasoning. 
650 0 |a Reasoning. 
650 0 |a Research. 
650 0 |a Measurement. 
650 0 |a System analysis  |x statistical methods. 
700 0 |a Σκουμιός, Μιχαήλ,  |e dgs 
710 2 |a Πανεπιστήμιο Αιγαίου.   |b Σχολή Ανθρωπιστικών Επιστημών.   |b Παιδαγωγικό Τμήμα Δημοτικής Εκπαίδευσης. 
852 |a INST  |b RHODES  |c DIATR  |e 20160921  |h 370.72 ΛΟΥ  |p 005400038802  |q 005400038802  |t DIE  |y 23 
856 |u http://hdl.handle.net/11610/22905 
924 |a Λούτση   |b Χριστίνα   |y Ρόδος  |z 2016-07  
970 |z 22-09-2016